Le système vestibulaire - Statistics

General Stats
  • This quiz has been taken 8 times
  • The average score is 7 of 11
Answers on the Grid
Answers color-coded by a green-red scale on the quiz's grid according to % correct below.
L'ampoule
L'endolymphe
L'adenosine synthase
La cupule
L'hippocampe
Le kinocile
L'AVTSS
La boucle myotatique
La voie pyramidale
L'os du rocher
Le polygone de sustentation
Les osselets
L'otoconie
La saccule
Le kinocile
Le ligament croisée
L'ursaring
L'urticule
L'ASPTT
L'exolymphe
Les canaux semi-circulaires
 
Answer Stats
Answer % Correct
L'ampoule
100%
Le kinocile
100%
La cupule
67%
La saccule
67%
Le kinocile
67%
L'endolymphe
67%
Les canaux semi-circulaires
67%
L'os du rocher
67%
L'urticule
67%
L'exolymphe
33%
L'otoconie
33%
No matching quizzes found
Score Distribution
Percent of People with Each Score
Percentile by Number Answered
Your Score History
You have not taken this quiz